00829cam a22002297a 4500003000500000005001700005008004100022010001000063011001000073035001000083040000900093100002600102245017100128260004100299300003100340502007700371650002900448650002400477650002800501650003400529650003600563CHAP20220329141905.0980420d1998 mx r 00110 spa d a75337 a76309 a85888 cCHAP00aLuna Flores, Elías.10aAplicación de fertilizantes foliares y reguladores de crecimiento en cacahuate (Arachis hypogaea L.) de temporal en el suroeste de Morelosc/por Elías Luna Flores aChapingo, Méx. :bEl autor,c1998. a53 h. :bgráfs. : tablas aTesis (Ing. Agr. Esp. en Fitotecnia) -- UACH. Departamento de Fitotecnia14aAgricultura de temporal.14aCacahuatexMorelos.14aFertilización foliar.14aFertilizantes para cacahuate.14aPlantasxCrecimientoxAditivos.